000 00790cam a22002657a 4500
003 CHAP
005 20220329134711.0
008 971013s r 00010 d
010 _a24437
011 _a25409
035 _a29509
040 _cCHAP
090 _aD-124
110 2 _aInstitut Technique du Vin. Paris
_959017
245 1 0 _aParasites vegetaux de la vigne (Diapositiva)
260 _aParis :
_bInstitut Technique du Vin,
_c(s.a.)
300 _a36 diapositivas col. 2 x 2 plg. (guía)
590 _aBATCH-UPD
_b10
_c20130110
_lUCH01
_h2130
590 _aCONVERSION
_b10
_c20130109
_lUCH01
_h1314
650 1 4 _aUva
_xEnfermedades.
_9117126
650 1 4 _aUva
_xPlagas.
_9117135
901 _aBK
942 _cD
949 _aD-124
_bBC
_cD
_d-68230
_eD
_h61688
_i29509
_mDir
_si
_t255.00
999 _c24437
_d24437